00708nam a2200229Ia 450000500170000000800410001704000190005804100120007708200190008910000230010824500600013126000280019130000160021944000270023565000190026265100370028170000220031885000100034094200070035099900160035795201050037320221122101224.0131103s9999 xx 000 0 und d aLoreto College aEnglish a821.7bWOR-REY aWordsworth,William 4aThe preludecWilliam Wordsworth; edited by E.E.Reynolds aLondonbMacmillanc1954 axvi,240 p.  aGolden Treasury Series aEnglish Poetry aWordsworth - Poems - The Prelude aReynolds,E.E.,ed. aLCLIB cBK c5981d56460 00102ddc4070aMAINbMAINd2013-11-04l0o821.7 WOR-REY 14228pB5850r2013-11-04w2013-11-04yBKf